000 00886nam a2200277 i 4500
001 bg
100 1 _aSERDECKI, Wojciech
245 1 0 _aBadania współpracy elementów układu tłokowo-cylindrowego silnika spalinowego /
_cWojciech Serdecki.
260 _aPoznań :
_bWydaw. Politechniki Poznańskiej,
_c2002.
300 _a291 s. :
_bil. ;
_c24 cm.
504 _aBibliogr.
650 9 _aAnaliza numeryczna
_xstosowanie
_xtechnika
650 9 _aCylindry (tech.)
_xbadanie
650 9 _aHydrodynamika
650 9 _aModele matematyczne
_xstosowanie
_xtechnika
650 9 _aSilniki spalinowe
_xurządzenia
_xbadanie
650 9 _aSmary
_xstosowanie
650 9 _aTłoki
_xbadanie
020 _a8371435169
040 _cBPK
041 0 _apol
080 _a621.43:621.89:532.5:519.6:519.86
920 _a83-7143-516-9
942 _cKS
008 s pl f |000 0 pol
999 _c43041
_d43041
856 _uhttp://koha.tu.koszalin.pl/cgi-bin/koha/opac-detail.pl?biblionumber=43041
_yKatalog online BPK